| 000 | 01103nam1a22003131i 4500 | ||
|---|---|---|---|
| 001 | RU\NLR\INFOCOMM_190\5000085731 | ||
| 005 | 20240724124255.0 | ||
| 035 | _a(NLR Aleph) 009395208 | ||
| 090 |
_a8068617 _c8068617 |
||
| 100 | _a20110118d1966 |||y0rusy50 ba | ||
| 101 | 1 |
_aeng _crus |
|
| 102 | _aRU | ||
| 105 | _ay ||||000|y | ||
| 200 | 1 |
_aTelephony _fA. Gurin, L. Drozdov, M. Mogilevsky |
|
| 210 |
_aM. _c"Higher school" _d[1966] |
||
| 215 |
_a2 т. _d22 см |
||
| 300 | _aНа переплете авт. не указаны | ||
| 300 | _aНа доп. тит. л. авт. и загл. на рус. яз.: А. С. Гурин, Л. В. Дроздов, М. М. Могилевский. Телефония | ||
| 309 | _aОтпеч. множит. аппаратом | ||
| 513 | 1 |
_aТелефония _zrus |
|
| 686 |
_aТ8-900(З882) _2rubbk |
||
| 700 | 1 |
_aGurin _bA. S. _4070 |
|
| 701 | 1 |
_aDrozdov _bL. V. _4070 |
|
| 701 | 1 |
_9z01790 _aMogilevskij _bM. M. _4070 |
|
| 790 | 1 |
_9z01701 _aMogilevsky _bM. _4070 |
|
| 801 | 1 |
_aRU _bNLR _c20110118 |
|
| 801 | 0 |
_aRU _bNLR _gPSBO |
|
| 852 |
_aNLR _jТ95 Г-5/618 |
||
| 942 | _cBOOK | ||